| 000 | 00534nam a2200169Ia 4500 | ||
|---|---|---|---|
| 008 | 090711s9999 xx 000 0 und d | ||
| 082 | _b427 | ||
| 100 | _aपंडीत शरदSांद्र | ||
| 245 | _aसूड भैरवी | ||
| 260 |
_bसत्यजय प्रकाशन _c1997 |
||
| 300 | _a140 | ||
| 600 | _aपंडीत शरदSांद्र | ||
| 630 | _aसूड भैरवी | ||
| 700 | _aपंडीत शरदSांद्र | ||
| 730 | _aसूड भैरवी | ||
| 942 | _cBOOK | ||
| 999 |
_c323886 _d323886 |
||